| 000 -LEADER |
| fixed length control field |
03078cam a2200409Ii 4500 |
| 001 - CONTROL NUMBER |
| control field |
9781315544564 |
| 008 - FIXED-LENGTH DATA ELEMENTS--GENERAL INFORMATION |
| fixed length control field |
180706s2018 enk ob 001 0 eng d |
| 020 ## - INTERNATIONAL STANDARD BOOK NUMBER |
| International Standard Book Number |
9781315544564 |
| Qualifying information |
(e-book : PDF) |
| 020 ## - INTERNATIONAL STANDARD BOOK NUMBER |
| International Standard Book Number |
9781134833863 |
| Qualifying information |
(e-book: Mobi) |
| 020 ## - INTERNATIONAL STANDARD BOOK NUMBER |
| Canceled/invalid ISBN |
9781138683334 |
| Qualifying information |
(hardback) |
| 024 ## - OTHER STANDARD IDENTIFIER |
| Standard number or code |
10.4324/9781315544564 |
| Source of number or code |
doi |
| 035 ## - SYSTEM CONTROL NUMBER |
| System control number |
(OCoLC)993687091 |
| 040 ## - CATALOGING SOURCE |
| Original cataloging agency |
FlBoTFG |
| Transcribing agency |
FlBoTFG |
| Description conventions |
rda |
| 050 ## - LIBRARY OF CONGRESS CALL NUMBER |
| Classification number |
K1226 |
| Item number |
.B87 2017 |
| 082 ## - DEWEY DECIMAL CLASSIFICATION NUMBER |
| Classification number |
346.0862 |
| Item number |
B931 |
| 100 ## - MAIN ENTRY--PERSONAL NAME |
| Personal name |
BugÌra, Ayșegul, |
| Relator term |
author. |
| 245 ## - TITLE STATEMENT |
| Title |
Insurance law implications of delay in maritime transport / |
| Statement of responsibility, etc. |
by Ayșegul BugÌra. |
| 250 ## - EDITION STATEMENT |
| Edition statement |
First edition. |
| 260 ## - PUBLICATION, DISTRIBUTION, ETC. |
| Place of publication, distribution, etc. |
Abingdon, Oxon ; |
| -- |
New York : |
| Name of publisher, distributor, etc. |
Routledge, |
| Date of publication, distribution, etc. |
2018. |
| 300 ## - PHYSICAL DESCRIPTION |
| Extent |
1 online resource |
| 336 ## - CONTENT TYPE |
| Content type term |
text |
| Source |
rdacontent |
| 337 ## - MEDIA TYPE |
| Media type term |
computer |
| Source |
rdamedia |
| 338 ## - CARRIER TYPE |
| Carrier type term |
online resource |
| Source |
rdacarrier |
| 490 ## - SERIES STATEMENT |
| Series statement |
Contemporary commercial law |
| 504 ## - BIBLIOGRAPHY, ETC. NOTE |
| Bibliography, etc. note |
Includes bibliographical references. |
| 505 ## - FORMATTED CONTENTS NOTE |
| Formatted contents note |
Introduction to delay as a risk and fortuity considerations -- Cargo insurance and delay : physical loss to the subject-matter insured -- Issues arising from delay in delivery of cargo -- Cargo insurance and expenses arising during the period of delay -- Marine delay in start-up insurance -- Freight insurance and the loss of time clause -- Hull and machinery insurance and delay considerations -- Loss of charter hire insurance and loss of time -- Implied condition as to the commencement of risk -- Delay in voyage. |
| 520 ## - SUMMARY, ETC. |
| Summary, etc. |
Delay in a marine adventure is an important and frequent phenomenon of maritime transport as it affects various parties and their interests. Insurance Law Implications of Delay in Maritime Transport is the first single book to deal specifically with this issue in the context of insurance law. The book addresses the losses and expenses that may arise from delay or loss of time in maritime transport, the types of insurance available covering or excluding losses arising from it and the impact of delay on voyage policies. The author, Aysegül Bugra, critically examines and evaluates the scope of several different types of marine insurance policies, including but not limited to: hull and machinery, cargo, freight, loss of hire and marine delay in start-up insurance. Furthermore, the book analyses the current law by tracing back the relevant common law authorities to the 18th century and examines the wordings used in practice from that time to today with a comprehensive and critical approach. This unique text will be of great interest to legal practitioners, shipping professionals and academics alike. |
| 650 ## - SUBJECT ADDED ENTRY--TOPICAL TERM |
| Topical term or geographic name entry element |
Marine insurance |
| General subdivision |
Law and legislation. |
| 650 ## - SUBJECT ADDED ENTRY--TOPICAL TERM |
| Topical term or geographic name entry element |
Marine insurance policies. |
| 650 ## - SUBJECT ADDED ENTRY--TOPICAL TERM |
| Topical term or geographic name entry element |
Marine insurance claims. |
| 650 ## - SUBJECT ADDED ENTRY--TOPICAL TERM |
| Topical term or geographic name entry element |
Liability for marine accidents. |
| 650 ## - SUBJECT ADDED ENTRY--TOPICAL TERM |
| Topical term or geographic name entry element |
Freight and freightage. |
| 650 ## - SUBJECT ADDED ENTRY--TOPICAL TERM |
| Topical term or geographic name entry element |
Contracts, Maritime. |
| 776 ## - ADDITIONAL PHYSICAL FORM ENTRY |
| Relationship information |
Print version: |
| International Standard Book Number |
9781138683334 |
| 830 ## - SERIES ADDED ENTRY--UNIFORM TITLE |
| Uniform title |
Contemporary commercial law (Series) (Informa (Firm). Informa Law) |
| 856 ## - ELECTRONIC LOCATION AND ACCESS |
| Uniform Resource Identifier |
<a href="https://www.taylorfrancis.com/books/9781134833726">https://www.taylorfrancis.com/books/9781134833726</a> |
| Public note |
Click here to view. |